000 00706nam a22002297a 4500
005 20250903151540.0
008 250903b |||||||| |||| 00| 0 eng d
020 _a978-81-977496-6-7 (pbk)
037 _cTB
040 _aCRL
_cCRL
041 _2eng
_aeng
_htam
084 _aO31,1NRAx R4
_qCRL
100 _aRamasamy, Seenu
_9815454
245 _aKaatraal nadanthen
260 _aChennai, India:
_bNew Century Book House,
_c2024.
300 _a95p.
365 _b100.00
_cINR
650 _aTamil Literature
650 _aTamil Poetry
_9819981
942 _2CC
_cTB
_hO31,1NRAx R4
_n0
999 _c1435138
_d1435138